Histoire de la pudeur
Αποθηκεύτηκε σε:
| Κύριος συγγραφέας: | |
|---|---|
| Μορφή: | Βιβλίο |
| Γλώσσα: | French |
| Δημοσίευση: |
Paris :
Olvier Orban,
1986
|
| Σειρά: | Pluriels
|
| Θέματα: | |
| Ετικέτες: |
Προσθήκη ετικέτας
Δεν υπάρχουν, Καταχωρήστε ετικέτα πρώτοι!
|
MARC
| LEADER | 00000nam a2200000 i 4500 | ||
|---|---|---|---|
| 001 | 1/3037 | ||
| 008 | 960307s1986 fre d | ||
| 020 | |a 2-01-012810-9 | ||
| 035 | |l 10015077 | ||
| 040 | |a GR-MY-UA |b gre |e aacr | ||
| 041 | 0 | |a fre | |
| 082 | 0 | |a 152.4 | |
| 100 | 1 | |a Bologne, Jean-Claude. | |
| 245 | 1 | 0 | |a Histoire de la pudeur / |c Jean Claude Bologne |
| 260 | |a Paris : |b Olvier Orban, |c 1986 | ||
| 300 | |a 391 p. | ||
| 490 | 1 | |a Pluriels | |
| 504 | |a Includes bibliographical references | ||
| 650 | 0 | 0 | |a Shame |x History. |
| 650 | 0 | 0 | |a Shame |x Social aspects. |
| 650 | 0 | 0 | |a Shame |x Religious aspects. |
| 830 | 0 | |a Pluriels | |
| 852 | |a INST |b LESVOS |e 19960307 |h 152.4 BOL |p 005100006990 |q 005100006990 |t BK |y 0 | ||
| 909 | |a Λ |b 033978 | ||
| 922 | |a 1ΔΩΡ |b 199312 |c ΤΚΑ | ||